| 000 | 00641cam a22002291 4500 | ||
|---|---|---|---|
| 001 | sa 67004473 | ||
| 003 | DLC | ||
| 005 | 20260227112347.0 | ||
| 008 | 890504s1966 ii 000 0 hino | ||
| 010 | _asa 67004473 | ||
| 035 | _a(OCoLC)19655053 | ||
| 040 |
_aDLC _cWaU _dNRU _dDLC |
||
| 042 | _apremarc | ||
| 050 | 0 | 0 |
_aPK2071 _b.J6 |
| 100 | 1 |
_aJoshi, Vishnu Ambalal, _d1914- |
|
| 245 | 1 | 0 |
_aAbhinava ekāṅkī sumana. _cSampādaka Vishnu Ambālāla Jośī. |
| 260 |
_aAjamera [Bhārara] _bKr̥shṇa Bradarsa _c1966. |
||
| 300 |
_a160 p. _c18 cm. |
||
| 500 | _aIn Hindi. | ||
| 650 | 0 | _aHindi drama. | |
| 650 | 0 | _aOne-act plays, Hindi. | |
| 999 |
_c74511 _d74511 |
||